Happiest Year lyrics - Statistics

General Stats
  • This quiz has been taken 56 times
  • The average score is 183 of 240
Answer Stats
Answer % Correct
for
100%
my
100%
of
100%
the
100%
you
100%
happiest
96%
life
96%
thank
96%
year
96%
I
88%
we
83%
and
75%
it
75%
but
71%
do
71%
go
71%
me
71%
so
71%
were
71%
what
71%
when
71%
all
67%
could
67%
im
67%
know
67%
oh
67%
on
67%
that
67%
this
67%
time
67%
to
67%
love
63%
medicine
63%
admit
58%
been
58%
good
58%
have
58%
here
58%
peace
58%
people
58%
really
58%
stupid
58%
they
58%
too
58%
up
58%
yeah
58%
again
54%
cause
54%
dont
54%
down
54%
gave
54%
ive
54%
loved
54%
maybe
54%
nothing
54%
now
54%
pretty
54%
right
54%
thats
54%
think
54%
used
54%
want
54%
wasted
54%
are
50%
asking
50%
back
50%
build
50%
care
50%
couldnt
50%
couldn't
50%
each
50%
fighting
50%
goodbye
50%
hurt
50%
knees
50%
less
50%
machine
50%
next
50%
ooh
50%
other
50%
quit
50%
ropes
50%
said
50%
should
50%
sleeping
50%
sorry
50%
tasted
50%
wake
50%
ways
50%
bleed
46%
made
46%
myself
46%
forgive
42%
never
42%
my life
8%
No matching quizzes found
Score Distribution
Percent of People with Each Score
Percentile by Number Answered
Your Score History
You have not taken this quiz